000 00351cam a22001217a 4500
008 180718b1987 xxu||||| |||| 00| 0 eng d
082 _aA6x5407 K527
100 _aKhan, Wali
245 _aFacts are facts: the untold story of India's partition
_cby Wali Khan
260 _aDelhi
_bVikas
_c1987
300 _a182p.
650 _aIndia - History , 1858-1947
999 _c348004
_d348004